| 000 | nam a22 7a 4500 | ||
|---|---|---|---|
| 999 |
_c27829 _d27829 |
||
| 008 | 170210b xxu||||| |||| 00| 0 eng d | ||
| 020 | _a9781609042363 | ||
| 050 | _aHB 172 .B38 2013 | ||
| 100 | _aBattaglia, Kari L. | ||
| 245 |
_aMacroeconomics Workbook: _bPrinciples and Practice/ _cKari L. Battangli and Susan L. Dadres |
||
| 260 |
_aU.S.A: _bStipes Publishing, _c2013. |
||
| 300 |
_a251p.: _bill.; _c28cm. |
||
| 521 | _aIncludes index. | ||
| 650 | _aMicroeconomics. | ||
| 700 | _aDadres, Susan L. | ||
| 942 |
_2lcc _cBOOKS _hHB 172 .B38 2013 |
||